| 000 | 00449nam a2200133Ia 4500 | ||
|---|---|---|---|
| 008 | 171212s9999 xx 000 0 und d | ||
| 020 | _a9781846319433 | ||
| 100 | _aBernard, Anna | ||
| 245 |
_cBernard, Anna _aRhetorics of Belonging _bNation, Narration, and Israel/Palestine |
||
| 260 |
_bLiverpool University Press _c2013 |
||
| 440 | _aPostcolonialism Across the Disciplines | ||
| 650 | _aHistory | ||
| 856 | _uhttp://www.jstor.org/stable/j.ctt5vjk1v | ||
| 999 |
_c351504 _d351504 |
||